000 01112cam a2200265 i 4500
003 SA-RiAUC
005 20250527081255.0
008 250526s1999 le g 000 0 ara c
040 _aSA-RiAUC
_bara
_cSA-RiAUC
_erda
082 0 4 _a228.9
090 _a228.9
_bد م ش
100 1 _aدمشقية، حسن حسن،
_d1918-1991
_eمؤلف.
245 1 0 _aتقريب المنال بشرح تحفة الأطفال في أحكام تجويد القرآن الكريم /
_cتأليف حسن حسن دمشقية.
246 3 0 _aشرح تحفة الأطفال في أحكام تجويد القرآن الكريم
250 _aالطبعة الأولى.
264 1 _aبيروت :
_bدار البشائر الإسلامية،
_c1999
300 _a75 صفحة ؛
_c24 سم
336 _aنص
_btxt
_2rdacontent
_3كتاب
337 _aبدون وسيط
_bn
_2rdamedia
338 _aمجلد
_bnc
_2rdacarrier
630 2 7 _aالقرآن
_xتجويد
_2aucut
740 0 _aتحفة الأطفال في أحكام تجويد القرآن الكريم.
942 _2ddc
_cBOOK
_n0
949 _aSA-JeALM
_d250526
_uosman123
_n1
999 _c8414
_d8414